Lebuh raya perdagangan : (Record no. 217)
[ view plain ]
| 000 -LEADER | |
|---|---|
| fixed length control field | nam a22 8a 4500 |
| 003 - CONTROL NUMBER IDENTIFIER | |
| control field | AKMAL |
| 005 - DATE AND TIME OF LATEST TRANSACTION | |
| control field | 20170427084715.0 |
| 008 - FIXED-LENGTH DATA ELEMENTS--GENERAL INFORMATION | |
| fixed length control field | 170427s2008 my b 000 1 may d |
| 020 ## - INTERNATIONAL STANDARD BOOK NUMBER | |
| International Standard Book Number | 9789839224313 |
| 040 ## - CATALOGING SOURCE | |
| Original cataloging agency | AKMAL |
| 082 04 - DEWEY DECIMAL CLASSIFICATION NUMBER | |
| Classification number | 352.448595 MOH |
| Edition number | 22 |
| 090 ## - LOCALLY ASSIGNED LC-TYPE CALL NUMBER (OCLC); LOCAL CALL NUMBER (RLIN) | |
| Classification number (OCLC) (R) ; Classification number, CALL (RLIN) (NR) | 352.448595 |
| Local cutter number (OCLC) ; Book number/undivided call number, CALL (RLIN) | MOH |
| 100 0# - MAIN ENTRY--PERSONAL NAME | |
| Personal name | Mohamad Saprin, |
| Dates associated with a name | 1962- |
| 9 (RLIN) | 490 |
| 245 10 - TITLE STATEMENT | |
| Title | Lebuh raya perdagangan : |
| Remainder of title | cabaran dan peranan Kastam Malaysia / |
| Statement of responsibility, etc. | Mohamad Saprin |
| 260 ## - PUBLICATION, DISTRIBUTION, ETC. | |
| Place of publication, distribution, etc. | Bukit Baru, Melaka : |
| Name of publisher, distributor, etc. | Akademi Kastam Malaysia, |
| Date of publication, distribution, etc. | 2008 |
| 263 ## - PROJECTED PUBLICATION DATE | |
| Projected publication date | 200801 |
| 300 ## - PHYSICAL DESCRIPTION | |
| Extent | 188ms. ; |
| Dimensions | 21cm. |
| 610 #1 - SUBJECT ADDED ENTRY--CORPORATE NAME | |
| Corporate name or jurisdiction name as entry element | Malaysia. |
| Subordinate unit | Jabatan Kastam dan Eksais Diraja |
| 9 (RLIN) | 190 |
| 650 10 - SUBJECT ADDED ENTRY--TOPICAL TERM | |
| Topical term or geographic name entry element | Customs administration |
| Geographic subdivision | Malaysia |
| 9 (RLIN) | 491 |
| 650 20 - SUBJECT ADDED ENTRY--TOPICAL TERM | |
| Topical term or geographic name entry element | Public administration |
| Geographic subdivision | Malaysia |
| 9 (RLIN) | 419 |
| 942 ## - ADDED ENTRY ELEMENTS (KOHA) | |
| Source of classification or shelving scheme | |
| Koha item type | Book |
| Withdrawn status | Lost status | Source of classification or shelving scheme | Damaged status | Not for loan | Collection code | Home library | Current library | Shelving location | Date acquired | Inventory number | Total Checkouts | Full call number | Barcode | Date last seen | Price effective from | Koha item type |
|---|---|---|---|---|---|---|---|---|---|---|---|---|---|---|---|---|
| NON-FICTION | AKMAL Melaka | AKMAL Melaka | PINJAMAN | 27.04.2017 | 305056 | 352.448595 MOH | 201700533 | 27.04.2017 | 27.04.2017 | Book | ||||||
| NON-FICTION | AKMAL Melaka | AKMAL Melaka | PINJAMAN | 12.05.2017 | 306334 | 352.448595 MOH | 201706073 | 12.05.2017 | 12.05.2017 | Book | ||||||
| NON-FICTION | AKMAL Melaka | AKMAL Melaka | PINJAMAN | 12.05.2017 | 352.448595 MOH | 201706075 | 12.05.2017 | 12.05.2017 | Book | |||||||
| NON-FICTION | AKMAL Melaka | AKMAL Melaka | PINJAMAN | 12.05.2017 | 352.448595 MOH | 201703454 | 17.05.2017 | 12.05.2017 | Book | |||||||
| NON-FICTION | AKMAL Melaka | AKMAL Melaka | PINJAMAN | 12.05.2017 | 352.448595 MOH | 201703455 | 17.05.2017 | 12.05.2017 | Book | |||||||
| NON-FICTION | AKMAL Melaka | AKMAL Melaka | PINJAMAN | 12.05.2017 | 352.448595 MOH | 201705422 | 25.05.2017 | 12.05.2017 | Book |
